| 000 | 00597nam a2200193 a 4500 | ||
|---|---|---|---|
| 001 | 000032234 | ||
| 005 | 20240411074013.0 | ||
| 008 | 110713s19uu dr r 000 j spa d | ||
| 040 |
_aDO-SdBNP _bspa _cBNPHU |
||
| 082 |
_aRD863.42 _bM738d |
||
| 100 | 1 |
_aMonclús, Miguel Angel _d1873-1967 _931058 |
|
| 245 | 1 | 0 |
_aDe montería / _cMiguel Angel Monclús. |
| 260 |
_a[Santo Domingo] : _b[s.n.], _c[19--?]. |
||
| 300 |
_a90 p. ; _c20 cm. |
||
| 590 | _aInventariado, 2018/ YL | ||
| 650 | 0 |
_aCuentos dominicanos _9176 |
|
| 650 | 4 |
_aLiteratura domicana _923570 |
|
| 910 | _aValidado. Control de calidad MFF | ||
| 999 |
_c31725 _d31725 |
||